| 000 | 00548nam a22001457a 4500 | ||
|---|---|---|---|
| 005 | 20250228110808.0 | ||
| 008 | 250228b |||||||| |||| 00| 0 eng d | ||
| 020 | _a9712707415 | ||
| 082 | _aDFil 808.4599 D89 1998 | ||
| 100 |
_aDumdum, Simeon. _cJr. _965659 |
||
| 245 |
_aLove in the time of the camera : _bessays on various aspects of a sad, funny, exasperating but altogether lovable and photogenic world / _cSimeon Dumdum, Jr., |
||
| 260 |
_aPasig City : _bAnvil, _c©1998. |
||
| 300 |
_ax, 122 pages : _billustrations ; _c22 cm. |
||
| 942 |
_2ddc _cDFIL |
||
| 999 |
_c23555 _d23555 |
||